[Event "19. Obert Int. Sant Marti 2017"]
[Site "Barcelona ESP"]
[Date "2017.07.15"]
[Round "3.67"]
[White "Vigo Allepuz, David"]
[Black "Niklesh, Kumar Jain"]
[Result "1-0"]
[WhiteElo "2104"]
[BlackElo "1822"]
[PlyCount "95"]
[EventDate "2017.07.13"]
[EventType "swiss"]
[EventRounds "9"]
[EventCountry "ESP"]
[SourceTitle "Ajedrez en Madrid"]
[Source "lmi"]
[SourceDate "2017.07.13"]
[SourceVersion "1"]
[SourceVersionDate "2019.06.21"]
[SourceQuality "1"]

1. d4 d5 2. c4 e6 3. Nf3 c6 4. e3 Nf6 5. Bd3 Nbd7 6. O-O Bd6 7. b3 e5 8. dxe5
Nxe5 9. Bb2 dxc4 10. Bxe5 Bxe5 11. Nxe5 cxd3 12. Qxd3 Qxd3 13. Nxd3 Bf5 14. Ne5
O-O 15. Na3 Rfe8 16. Nec4 Red8 17. Rfd1 Be6 18. f3 Kf8 19. e4 Ke7 20. Na5 Rxd1+
21. Rxd1 Rb8 22. Nc2 Bd7 23. Nb4 c5 24. Nd3 b6 25. Nc4 Bb5 26. Nde5 Bd7 27. Nd6
Ne8 28. Ndxf7 Rb7 29. Rxd7+ Rxd7 30. Nxd7 Kxd7 31. Ne5+ Ke6 32. Nd3 Nd6 33. Kf2
c4 34. bxc4 Nxc4 35. f4 a5 36. g4 g6 37. h4 b5 38. f5+ gxf5 39. gxf5+ Kf6 40.
Kf3 b4 41. Kf4 Nd2 42. e5+ Kf7 43. e6+ Kf6 44. Nc5 Nb1 45. Nd7+ Ke7 46. Ke5 Nd2
47. f6+ Kd8 48. f7 1-0

[Event "19. Obert Int. Sant Marti 2017"]
[Site "Barcelona ESP"]
[Date "2017.07.15"]
[Round "3.68"]
[White "Rodriguez Vega, Blas"]
[Black "Monedero Gonzalez, Josep"]
[Result "1-0"]
[WhiteElo "2048"]
[BlackElo "1957"]
[PlyCount "77"]
[EventDate "2017.07.13"]
[EventType "swiss"]
[EventRounds "9"]
[EventCountry "ESP"]
[SourceTitle "Ajedrez en Madrid"]
[Source "lmi"]
[SourceDate "2017.07.13"]
[SourceVersion "1"]
[SourceVersionDate "2019.06.21"]
[SourceQuality "1"]

1. d4 e6 2. Bf4 Nf6 3. e3 c5 4. c3 b6 5. Nf3 Be7 6. h3 O-O 7. Nbd2 Bb7 8. Bd3
d6 9. Qc2 Nc6 10. Ne4 Nxe4 11. Bxe4 f5 12. Bd3 cxd4 13. exd4 Rc8 14. Qe2 Qd7
15. O-O Bf6 16. Rad1 Rce8 17. Rfe1 Kh8 18. Bc4 d5 19. Bb5 h6 20. Rd3 a6 21.
Bxc6 Bxc6 22. Re3 Bb5 23. Qd2 Qf7 24. Ne5 Qh5 25. g4 fxg4 26. hxg4 Bxe5 27.
gxh5 Bxf4 28. Qd1 Bxe3 29. Rxe3 Rf6 30. Rf3 Ref8 31. Rxf6 Rxf6 32. a4 Be8 33.
Qe2 b5 34. a5 Bf7 35. Qe5 Kh7 36. Qd6 Bxh5 37. Qxa6 Be2 38. Qd6 Rg6+ 39. Kh2
1-0

[Event "19. Obert Int. Sant Marti 2017"]
[Site "Barcelona ESP"]
[Date "2017.07.15"]
[Round "3.69"]
[White "Nadal Fajardo, Ricard"]
[Black "Montell Zabay, Alberto"]
[Result "1/2-1/2"]
[WhiteElo "2027"]
[BlackElo "1956"]
[PlyCount "26"]
[EventDate "2017.07.13"]
[EventType "swiss"]
[EventRounds "9"]
[EventCountry "ESP"]
[SourceTitle "Ajedrez en Madrid"]
[Source "lmi"]
[SourceDate "2017.07.13"]
[SourceVersion "1"]
[SourceVersionDate "2019.06.21"]
[SourceQuality "1"]

1. e4 g6 2. Nc3 Bg7 3. d4 d6 4. Be3 Nd7 5. Qd2 e5 6. O-O-O c6 7. h4 Ngf6 8. Bh6
Bxh6 9. Qxh6 Ng4 10. Qg7 Qf6 11. Qxf6 Ndxf6 12. Nh3 Be6 13. Be2 h6 1/2-1/2

[Event "19. Obert Int. Sant Marti 2017"]
[Site "Barcelona ESP"]
[Date "2017.07.15"]
[Round "3.70"]
[White "Amer, Said Salim Al Maash"]
[Black "Repiso Alvarez, Jorge"]
[Result "1-0"]
[WhiteElo "2025"]
[BlackElo "1954"]
[PlyCount "97"]
[EventDate "2017.07.13"]
[EventType "swiss"]
[EventRounds "9"]
[EventCountry "ESP"]
[SourceTitle "Ajedrez en Madrid"]
[Source "lmi"]
[SourceDate "2017.07.13"]
[SourceVersion "1"]
[SourceVersionDate "2019.06.21"]
[SourceQuality "1"]

1. e4 c6 2. Nc3 d5 3. Nf3 Bg4 4. d4 Nf6 5. e5 Ne4 6. Be2 Qa5 7. O-O Nxc3 8.
bxc3 e6 9. Bd2 Qc7 10. Ng5 Bxe2 11. Qxe2 Be7 12. Qh5 Bxg5 13. Bxg5 c5 14. f4 h6
15. f5 exf5 16. e6 g6 17. exf7+ Qxf7 18. Rae1+ Kd7 19. Qh3 Nc6 20. Bf4 Rae8 21.
Rb1 Kc8 22. dxc5 Qe7 23. Bd6 Qe3+ 24. Qxe3 Rxe3 25. g4 Ne5 26. gxf5 gxf5 27.
Rxf5 Re8 28. a4 Nf3+ 29. Kh1 Nh4 30. Rf8 Rxf8 31. Bxf8 h5 32. Bg7 Re2 33. Rf1
Rxc2 34. Bf6 Ng2 35. Bd4 Nh4 36. h3 Kd7 37. Rf7+ Kc6 38. Rf6+ Kd7 39. Kg1 Rg2+
40. Kf1 Rh2 41. Rf7+ Kc6 42. Rf6+ Kd7 43. Rd6+ Ke7 44. Bf6+ Kf7 45. Bxh4 Rxh3
46. Be1 Rh1+ 47. Ke2 Rh2+ 48. Bf2 h4 49. Rd7+ 1-0

[Event "19. Obert Int. Sant Marti 2017"]
[Site "Barcelona ESP"]
[Date "2017.07.15"]
[Round "3.71"]
[White "Minguell Soler, Joan"]
[Black "Valarezzo Ricard, Pedro"]
[Result "1-0"]
[WhiteElo "2021"]
[BlackElo "1954"]
[PlyCount "81"]
[EventDate "2017.07.13"]
[EventType "swiss"]
[EventRounds "9"]
[EventCountry "ESP"]
[SourceTitle "Ajedrez en Madrid"]
[Source "lmi"]
[SourceDate "2017.07.13"]
[SourceVersion "1"]
[SourceVersionDate "2019.06.21"]
[SourceQuality "1"]

1. d4 Nf6 2. Nf3 e6 3. c4 b6 4. e3 Bb7 5. Bd3 Be7 6. O-O O-O 7. Nbd2 c5 8. dxc5
Bxc5 9. b3 d5 10. Bb2 dxc4 11. Nxc4 Nc6 12. Qe2 Nb4 13. Bb1 Be7 14. Rd1 Qc7 15.
a3 Nc6 16. Bd3 Rfd8 17. Rac1 Rac8 18. h3 Qb8 19. b4 Qa8 20. b5 Nb8 21. Nce5
Rxc1 22. Rxc1 Nd5 23. Nd4 g6 24. Ndc6 Bxc6 25. bxc6 Bc5 26. Qf3 f5 27. Qg3 Nxc6
28. Nxg6 Kf7 29. Ne5+ Nxe5 30. Qxe5 Rg8 31. g3 Be7 32. Bxf5 exf5 33. Qxf5+ Nf6
34. Bxf6 Qd8 35. Bxe7+ Kxe7 36. Qxh7+ Kf8 37. Qf5+ Kg7 38. Qe5+ Qf6 39. Rc7+
Kg6 40. Qe4+ Qf5 41. Rc6+ 1-0

[Event "19. Obert Int. Sant Marti 2017"]
[Site "Barcelona ESP"]
[Date "2017.07.15"]
[Round "3.72"]
[White "Soham, Das"]
[Black "Al, Ansi Amin"]
[Result "1-0"]
[WhiteElo "2020"]
[BlackElo "1948"]
[PlyCount "109"]
[EventDate "2017.07.13"]
[EventType "swiss"]
[EventRounds "9"]
[EventCountry "ESP"]
[SourceTitle "Ajedrez en Madrid"]
[Source "lmi"]
[SourceDate "2017.07.13"]
[SourceVersion "1"]
[SourceVersionDate "2019.06.21"]
[SourceQuality "1"]

1. e4 d6 2. d4 Nf6 3. Nc3 c6 4. f4 Qa5 5. Bd3 e5 6. Nf3 Bg4 7. Be3 Nbd7 8. O-O
Be7 9. h3 Bxf3 10. Qxf3 O-O 11. a3 Qd8 12. Rad1 Qe8 13. g4 exd4 14. Bxd4 Nc5
15. Bxc5 dxc5 16. e5 c4 17. exf6 Bc5+ 18. Kg2 cxd3 19. Rxd3 Rd8 20. Ne4 Bb6 21.
Nd6 Qe6 22. fxg7 Kxg7 23. Rfd1 Kg8 24. R1d2 Qe1 25. Rd1 Qe7 26. Nf5 Qf6 27.
Rxd8 Rxd8 28. Rxd8+ Qxd8 29. Qc3 f6 30. Qc4+ Kh8 31. Kf3 Qd1+ 32. Qe2 Qxe2+ 33.
Kxe2 Bc7 34. Ke3 Kg8 35. Ke4 Kf7 36. h4 Ke6 37. Ng7+ Kf7 38. Nh5 Kg6 39. Ng3
Kf7 40. Kf5 Bd6 41. Ne4 Be7 42. g5 fxg5 43. fxg5 b5 44. h5 a5 45. Nf6 h6 46.
g6+ Kg7 47. Ne4 a4 48. Ke6 Bf8 49. Nd6 Kg8 50. Nf5 c5 51. Kf6 b4 52. g7 Bxg7+
53. Nxg7 c4 54. c3 bxc3 55. bxc3 1-0

[Event "19. Obert Int. Sant Marti 2017"]
[Site "Barcelona ESP"]
[Date "2017.07.15"]
[Round "3.73"]
[White "Brunet Gil, Pol"]
[Black "Degraeve, Thomas"]
[Result "0-1"]
[WhiteElo "1906"]
[BlackElo "2008"]
[PlyCount "110"]
[EventDate "2017.07.13"]
[EventType "swiss"]
[EventRounds "9"]
[EventCountry "ESP"]
[SourceTitle "Ajedrez en Madrid"]
[Source "lmi"]
[SourceDate "2017.07.13"]
[SourceVersion "1"]
[SourceVersionDate "2019.06.21"]
[SourceQuality "1"]

1. e4 e6 2. d4 d5 3. exd5 exd5 4. Nf3 Bd6 5. Bd3 Ne7 6. O-O Bf5 7. Re1 Bxd3 8.
Qxd3 O-O 9. Bg5 f6 10. Bh4 c6 11. Bg3 Re8 12. Bxd6 Qxd6 13. Nbd2 Nd7 14. c3 Qf4
15. Qe3 Qxe3 16. Rxe3 Nf5 17. Rxe8+ Rxe8 18. Re1 Rxe1+ 19. Nxe1 Kf7 20. Kf1 Ke6
21. Ke2 c5 22. Nc2 c4 23. Ne3 b5 24. Nxf5 Kxf5 25. Kf3 Nb6 26. Nf1 Na4 27. Ne3+
Ke6 28. Nd1 a5 29. a3 h5 30. h3 g5 31. g4 h4 32. Ke2 Kd6 33. Kd2 Ke6 34. Ke2
Nb6 35. f3 Nd7 36. Ke3 Nf8 37. Nf2 Ng6 38. Kd2 Nf4 39. Ke3 Kd6 40. Kd2 Kc6 41.
Kc2 Ne2 42. Kd2 Ng1 43. Ke3 b4 44. a4 b3 45. f4 gxf4+ 46. Kxf4 Ne2+ 47. Kf5
Nxc3 48. Kxf6 Ne4+ 49. Nxe4 dxe4 50. g5 c3 51. g6 c2 52. g7 c1=Q 53. g8=Q Qf4+
54. Ke7 Qd6+ 55. Kf7 Qd5+ 0-1

[Event "19. Obert Int. Sant Marti 2017"]
[Site "Barcelona ESP"]
[Date "2017.07.15"]
[Round "3.74"]
[White "Moravich, Juan"]
[Black "De Urquiza, Sebastian"]
[Result "1-0"]
[WhiteElo "2006"]
[BlackElo "1902"]
[PlyCount "109"]
[EventDate "2017.07.13"]
[EventType "swiss"]
[EventRounds "9"]
[EventCountry "ESP"]
[SourceTitle "Ajedrez en Madrid"]
[Source "lmi"]
[SourceDate "2017.07.13"]
[SourceVersion "1"]
[SourceVersionDate "2019.06.21"]
[SourceQuality "1"]

1. c4 f5 2. Nc3 b6 3. e4 fxe4 4. Qh5+ g6 5. Qe5 Nf6 6. Nd5 Nc6 7. Nxf6+ Kf7 8.
Qxe4 exf6 9. Qd5+ Kg7 10. Be2 Bb7 11. Bf3 Bc5 12. Ne2 Re8 13. b4 Bxb4 14. Bb2
Bc5 15. Qd3 Nb4 16. Qc3 Bxf3 17. gxf3 Re6 18. Kf1 Qf8 19. a3 Nc6 20. d4 Rxe2
21. Kxe2 Bxd4 22. Qd2 Re8+ 23. Kf1 Bxb2 24. Qxb2 Qc5 25. Qc3 Ne5 26. Re1 Re6
27. Re4 Rc6 28. Ke2 Nxc4 29. Rc1 b5 30. Re8 Re6+ 31. Rxe6 dxe6 32. Rd1 Qe5+ 33.
Qxe5 Nxe5 34. f4 Nc4 35. Rd7+ Kh6 36. Rxc7 Nxa3 37. Rxa7 Nc4 38. Rb7 e5 39.
fxe5 Nxe5 40. Rxb5 g5 41. Rb6 Kg6 42. h3 h5 43. Ra6 h4 44. Ke3 Kf5 45. Ra5 g4
46. hxg4+ Kxg4 47. Ra8 Ng6 48. f3+ Kf5 49. Ra5+ Ke6 50. f4 Ne7 51. Rh5 Nd5+ 52.
Kf3 Ne7 53. Rxh4 Nc6 54. Rh6 Kf5 55. Rh5+ 1-0

[Event "19. Obert Int. Sant Marti 2017"]
[Site "Barcelona ESP"]
[Date "2017.07.15"]
[Round "3.75"]
[White "Colome Rovira, Oscar"]
[Black "Marzo Pie, Xavier"]
[Result "0-1"]
[WhiteElo "1865"]
[BlackElo "1996"]
[PlyCount "44"]
[EventDate "2017.07.13"]
[EventType "swiss"]
[EventRounds "9"]
[EventCountry "ESP"]
[SourceTitle "Ajedrez en Madrid"]
[Source "lmi"]
[SourceDate "2017.07.13"]
[SourceVersion "1"]
[SourceVersionDate "2019.06.21"]
[SourceQuality "1"]

1. e4 d6 2. d4 g6 3. Nf3 Bg7 4. Bc4 Nf6 5. Bb3 Nxe4 6. Nbd2 Nxd2 7. Bxd2 O-O 8.
h4 Bg4 9. c3 e5 10. Qc1 exd4 11. Bh6 Re8+ 12. Kf1 Nc6 13. h5 gxh5 14. Bg5 Qd7
15. Qf4 dxc3 16. bxc3 Qf5 17. Qg3 Bxc3 18. Rc1 Bb2 19. Rxh5 Bxc1 20. Nh4 Qb1
21. Qxg4 Bd2+ 22. Bd1 Re1# 0-1

[Event "19. Obert Int. Sant Marti 2017"]
[Site "Barcelona ESP"]
[Date "2017.07.15"]
[Round "3.76"]
[White "Vazquez Moreno, Josep M"]
[Black "Krithigga, K."]
[Result "1/2-1/2"]
[WhiteElo "1991"]
[BlackElo "1848"]
[PlyCount "70"]
[EventDate "2017.07.13"]
[EventType "swiss"]
[EventRounds "9"]
[EventCountry "ESP"]
[SourceTitle "Ajedrez en Madrid"]
[Source "lmi"]
[SourceDate "2017.07.13"]
[SourceVersion "1"]
[SourceVersionDate "2019.06.21"]
[SourceQuality "1"]

1. e4 c6 2. d4 d5 3. exd5 cxd5 4. Bd3 Nf6 5. c3 Nc6 6. Bf4 g6 7. h3 Nh5 8. Bh2
Bh6 9. Ne2 O-O 10. Nd2 Qb6 11. Qc2 Bd7 12. g4 Nf6 13. f4 Bg7 14. O-O Rac8 15.
Qb3 Qxb3 16. axb3 e6 17. b4 a6 18. Kg2 h5 19. g5 Ne8 20. Nb3 Nb8 21. Na5 Bc6
22. f5 exf5 23. Bxb8 Rxb8 24. Nxc6 bxc6 25. Rxa6 Rc8 26. Nf4 Nd6 27. Nxd5 Rfe8
28. Nf4 Ne4 29. h4 Bf8 30. Ra7 Bd6 31. Bc4 Rc7 32. Rxc7 Bxc7 33. Bd3 Nd2 34.
Rf2 Re3 35. Rxd2 Bxf4 1/2-1/2

[Event "19. Obert Int. Sant Marti 2017"]
[Site "Barcelona ESP"]
[Date "2017.07.15"]
[Round "3.77"]
[White "Minko, Dmitry"]
[Black "Advait, Bagri"]
[Result "1-0"]
[WhiteElo "1987"]
[BlackElo "1772"]
[PlyCount "59"]
[EventDate "2017.07.13"]
[EventType "swiss"]
[EventRounds "9"]
[EventCountry "ESP"]
[SourceTitle "Ajedrez en Madrid"]
[Source "lmi"]
[SourceDate "2017.07.13"]
[SourceVersion "1"]
[SourceVersionDate "2019.06.21"]
[SourceQuality "1"]

1. e4 e5 2. Nf3 Nc6 3. d4 exd4 4. Nxd4 Qf6 5. Be3 Bc5 6. c3 Nge7 7. g3 O-O 8.
Bg2 Rd8 9. O-O a6 10. Nd2 Nxd4 11. e5 Ne2+ 12. Qxe2 Qxe5 13. Nf3 Qe6 14. Ng5
Qb6 15. Qh5 h6 16. Nxf7 Bxe3 17. Nxd8 Bg5 18. Qe8+ Kh7 19. Be4+ g6 20. Qf7+ Kh8
21. h4 Bf6 22. Bxg6 Nxg6 23. Qxg6 Bxd8 24. Qe8+ Kg7 25. Qxd8 Qxb2 26. Rae1 Qxa2
27. Re7+ Kg6 28. Qf8 d6 29. Rg7+ Kh5 30. Qe8+ 1-0

[Event "19. Obert Int. Sant Marti 2017"]
[Site "Barcelona ESP"]
[Date "2017.07.15"]
[Round "3.78"]
[White "Deaconu, Mihai-Ionut"]
[Black "Catala Ulied, Bernat"]
[Result "1/2-1/2"]
[WhiteElo "1965"]
[BlackElo "1761"]
[PlyCount "101"]
[EventDate "2017.07.13"]
[EventType "swiss"]
[EventRounds "9"]
[EventCountry "ESP"]
[SourceTitle "Ajedrez en Madrid"]
[Source "lmi"]
[SourceDate "2017.07.13"]
[SourceVersion "1"]
[SourceVersionDate "2019.06.21"]
[SourceQuality "1"]

1. d4 Nf6 2. c4 g6 3. Nc3 Bg7 4. g3 O-O 5. Bg2 d6 6. e4 e5 7. d5 a5 8. Nge2 Nh5
9. O-O f5 10. f4 Na6 11. Be3 exf4 12. Nxf4 Nxf4 13. Bxf4 Nc5 14. Qd2 Nxe4 15.
Nxe4 fxe4 16. Bxe4 Bh3 17. Bg2 Bxg2 18. Kxg2 b6 19. Rae1 Qd7 20. b3 Rae8 21.
Rxe8 Rxe8 22. Re1 Qf7 23. Rxe8+ Qxe8 24. Qe3 Qxe3 25. Bxe3 Kf7 26. Kf3 Bf6 27.
Ke4 Be7 28. Bd2 Bd8 29. g4 Bf6 30. Be1 Be7 31. Bg3 Bd8 32. a3 Ke8 33. Bf2 Kd7
34. Bd4 Bg5 35. b4 axb4 36. axb4 Be7 37. h3 Bf8 38. Bf6 Be7 39. Bxe7 Kxe7 40.
g5 Kd7 41. Kd4 Kc8 42. Kc3 Kb7 43. Kd4 Ka6 44. Kc3 Kb7 45. Kb3 Ka7 46. Ka4 Ka6
47. h4 b5+ 48. Kb3 bxc4+ 49. Kxc4 Kb6 50. Kc3 Ka6 51. Kc4 1/2-1/2

[Event "19. Obert Int. Sant Marti 2017"]
[Site "Barcelona ESP"]
[Date "2017.07.15"]
[Round "3.79"]
[White "Jijo, Joy"]
[Black "Di Chiara, Mauro"]
[Result "1-0"]
[WhiteElo "1647"]
[BlackElo "1964"]
[PlyCount "51"]
[EventDate "2017.07.13"]
[EventType "swiss"]
[EventRounds "9"]
[EventCountry "ESP"]
[SourceTitle "Ajedrez en Madrid"]
[Source "lmi"]
[SourceDate "2017.07.13"]
[SourceVersion "1"]
[SourceVersionDate "2019.06.21"]
[SourceQuality "1"]

1. e4 c5 2. Nf3 Nc6 3. d4 cxd4 4. Nxd4 g6 5. Nc3 Bg7 6. Nde2 Nf6 7. g3 O-O 8.
Bg2 d6 9. O-O Bd7 10. h3 Rc8 11. Be3 b6 12. Qc1 Ne5 13. Bh6 Bc6 14. Bxg7 Kxg7
15. Rd1 Bb7 16. f4 Nc6 17. e5 Ne8 18. Nb5 a6 19. exd6 exd6 20. Nbc3 Qe7 21. Qd2
Nf6 22. Qxd6 Qe3+ 23. Kh2 Rfd8 24. Rd3 Qf2 25. Qxf6+ Kxf6 26. Ne4+ 1-0

[Event "19. Obert Int. Sant Marti 2017"]
[Site "Barcelona ESP"]
[Date "2017.07.16"]
[Round "4.1"]
[White "Arjun, Kalyan"]
[Black "Henriquez Villagra, Cristobal"]
[Result "1/2-1/2"]
[WhiteElo "2347"]
[BlackElo "2532"]
[PlyCount "81"]
[EventDate "2017.07.13"]
[EventType "swiss"]
[EventRounds "9"]
[EventCountry "ESP"]
[SourceTitle "Ajedrez en Madrid"]
[Source "lmi"]
[SourceDate "2017.07.13"]
[SourceVersion "1"]
[SourceVersionDate "2019.06.21"]
[SourceQuality "1"]

1. e4 c5 2. Nf3 Nc6 3. Nc3 g6 4. d4 cxd4 5. Nxd4 Bg7 6. Be3 Nf6 7. Bc4 O-O 8.
Bb3 d6 9. h3 Bd7 10. O-O Qa5 11. f4 Nxd4 12. Bxd4 Bc6 13. Qd3 Rad8 14. f5 Nd7
15. Kh1 Bxd4 16. Qxd4 Qc5 17. Qd2 Kg7 18. Rf2 Qe5 19. Bd5 Nf6 20. Qf4 Qxf4 21.
Rxf4 Rc8 22. Re1 Nd7 23. Rf2 Rc7 24. Ref1 Ne5 25. f6+ exf6 26. Rxf6 Bxd5 27.
exd5 Nc4 28. Nb5 Rd7 29. R6f4 Ne5 30. b3 a6 31. Nd4 Re8 32. c4 Nd3 33. R4f3 Nc5
34. Kg1 Re4 35. Rf4 Rde7 36. Rxe4 Rxe4 37. Rd1 Nd7 38. Kf2 h5 39. Nf3 Nc5 40.
Rd4 Re7 41. Nd2 1/2-1/2

[Event "19. Obert Int. Sant Marti 2017"]
[Site "Barcelona ESP"]
[Date "2017.07.16"]
[Round "4.2"]
[White "Cuartas, Jaime Alexander"]
[Black "Smirnov, Artem"]
[Result "1-0"]
[WhiteElo "2501"]
[BlackElo "2401"]
[PlyCount "123"]
[EventDate "2017.07.13"]
[EventType "swiss"]
[EventRounds "9"]
[EventCountry "ESP"]
[SourceTitle "Ajedrez en Madrid"]
[Source "lmi"]
[SourceDate "2017.07.13"]
[SourceVersion "1"]
[SourceVersionDate "2019.06.21"]
[SourceQuality "1"]

1. e4 c5 2. Nf3 d6 3. Bb5+ Nd7 4. d4 cxd4 5. Qxd4 e5 6. Qd3 a6 7. Bc4 Be7 8.
Qd5 Nf8 9. Qxf7+ Kd7 10. Qxg7 Ng6 11. Nc3 Nf6 12. Bg5 Kc6 13. Nd5 Nxd5 14.
Bxd5+ Kb6 15. Be3+ Kc7 16. Bg5 Bd7 17. Bxe7 Qxe7 18. Qxe7 Nxe7 19. Bb3 Raf8 20.
Nd2 Ng6 21. Nf1 Bc6 22. f3 h5 23. Ne3 h4 24. O-O Rh5 25. Be6 Nf4 26. Bg4 Rg5
27. Rf2 b5 28. Rd1 Rf7 29. Rfd2 Rf6 30. g3 Ng6 31. Nd5+ Bxd5 32. Rxd5 Ne7 33.
R5d3 Rg7 34. Kg2 Rh6 35. gxh4 Ng6 36. Rc3+ Kb7 37. h5 Nf4+ 38. Kh1 Rf7 39. Rd2
Rff6 40. a3 Rf8 41. Kg1 Rff6 42. Rb3 Kc6 43. c4 bxc4 44. Rb4 d5 45. exd5+ Kc5
46. Rc2 Kxd5 47. Rbxc4 Ne2+ 48. Kg2 Nd4 49. Rc5+ Kd6 50. R2c4 Rf4 51. Ra5 Rh8
52. Rxa6+ Kd5 53. Rca4 Rg8 54. R4a5+ Kc4 55. Rxe5 Rxf3 56. Rg6 Rff8 57. Be6+
Nxe6 58. Rexe6 Rh8 59. h6 Rf5 60. Re3 Rh7 61. h4 Kd4 62. Rf3 1-0

[Event "19. Obert Int. Sant Marti 2017"]
[Site "Barcelona ESP"]
[Date "2017.07.16"]
[Round "4.3"]
[White "Debarshi, Mukherjee"]
[Black "Fernandez, Fernando"]
[Result "0-1"]
[WhiteElo "2301"]
[BlackElo "2424"]
[PlyCount "66"]
[EventDate "2017.07.13"]
[EventType "swiss"]
[EventRounds "9"]
[EventCountry "ESP"]
[SourceTitle "Ajedrez en Madrid"]
[Source "lmi"]
[SourceDate "2017.07.13"]
[SourceVersion "1"]
[SourceVersionDate "2019.06.21"]
[SourceQuality "1"]

1. d4 Nf6 2. c4 e6 3. Nc3 Bb4 4. e3 O-O 5. Nge2 Re8 6. a3 Bf8 7. Ng3 d5 8. Be2
b6 9. cxd5 exd5 10. b4 c6 11. O-O Ba6 12. Bxa6 Nxa6 13. Qd3 Nc7 14. Bd2 h5 15.
f3 Ne6 16. Rfd1 c5 17. dxc5 bxc5 18. Be1 d4 19. exd4 cxb4 20. axb4 Bxb4 21. d5
Nf4 22. Qd4 Bd6 23. Qd2 Be5 24. Ra4 Bxc3 25. Qxc3 N6xd5 26. Qa1 Qg5 27. Bd2 h4
28. Bxf4 Nxf4 29. Qc1 Rad8 30. Rf1 Rd2 31. Kh1 Nd3 32. Qc6 Nf2+ 33. Kg1 Qe3 0-1

[Event "19. Obert Int. Sant Marti 2017"]
[Site "Barcelona ESP"]
[Date "2017.07.16"]
[Round "4.5"]
[White "Tissir, Mohamed"]
[Black "Peralta, Fernando"]
[Result "1/2-1/2"]
[WhiteElo "2354"]
[BlackElo "2564"]
[PlyCount "44"]
[EventDate "2017.07.13"]
[EventType "swiss"]
[EventRounds "9"]
[EventCountry "ESP"]
[SourceTitle "Ajedrez en Madrid"]
[Source "lmi"]
[SourceDate "2017.07.13"]
[SourceVersion "1"]
[SourceVersionDate "2019.06.21"]
[SourceQuality "1"]

1. e4 e6 2. d4 d5 3. Nd2 c5 4. exd5 Qxd5 5. dxc5 Nf6 6. Ngf3 Qxc5 7. Bd3 Be7 8.
O-O Nbd7 9. a4 O-O 10. a5 Qc7 11. c3 Rd8 12. Qe2 Nd5 13. g3 Nc5 14. Bc2 Bd7 15.
Re1 Be8 16. Ne5 f6 17. Nd3 Nxd3 18. Bxd3 e5 19. Be4 Rac8 20. Qf3 Bf7 21. Nf1 g6
22. Rd1 Qc5 1/2-1/2

[Event "19. Obert Int. Sant Marti 2017"]
[Site "Barcelona ESP"]
[Date "2017.07.16"]
[Round "4.6"]
[White "Grigoryan, Karen H."]
[Black "Gutierrez Olivares, Daniel"]
[Result "1-0"]
[WhiteElo "2555"]
[BlackElo "2352"]
[PlyCount "61"]
[EventDate "2017.07.13"]
[EventType "swiss"]
[EventRounds "9"]
[EventCountry "ESP"]
[SourceTitle "Ajedrez en Madrid"]
[Source "lmi"]
[SourceDate "2017.07.13"]
[SourceVersion "1"]
[SourceVersionDate "2019.06.21"]
[SourceQuality "1"]

1. g3 Nf6 2. Bg2 e6 3. Nf3 d5 4. O-O Be7 5. c4 O-O 6. d4 dxc4 7. Qc2 a6 8. a4
Nc6 9. Qxc4 a5 10. Nc3 Nb4 11. Rd1 b6 12. Ne5 Ba6 13. Qb3 Rc8 14. e4 c5 15.
dxc5 Qc7 16. Bf4 g5 17. cxb6 Qc5 18. b7 Rc7 19. Be3 Qxe5 20. Bd4 Qxd4 21. Rxd4
e5 22. Rd2 Rxb7 23. Bf1 Nc6 24. Qd1 Bxf1 25. Kxf1 Nd4 26. Rxd4 exd4 27. Qxd4
Rd8 28. Qe5 Ng4 29. Qf5 Nh6 30. Qxa5 Rxb2 31. Nd5 1-0

[Event "19. Obert Int. Sant Marti 2017"]
[Site "Barcelona ESP"]
[Date "2017.07.16"]
[Round "4.7"]
[White "Asis Gargatagli, Hipolito"]
[Black "Larsson, Anders"]
[Result "1/2-1/2"]
[WhiteElo "2505"]
[BlackElo "2276"]
[PlyCount "87"]
[EventDate "2017.07.13"]
[EventType "swiss"]
[EventRounds "9"]
[EventCountry "ESP"]
[SourceTitle "Ajedrez en Madrid"]
[Source "lmi"]
[SourceDate "2017.07.13"]
[SourceVersion "1"]
[SourceVersionDate "2019.06.21"]
[SourceQuality "1"]

1. e4 e5 2. Nf3 Nc6 3. d4 exd4 4. Nxd4 Nf6 5. Nxc6 bxc6 6. e5 Qe7 7. Qe2 Nd5 8.
c4 Ba6 9. Nd2 Nb6 10. b3 Qe6 11. Bb2 Be7 12. O-O-O Bb7 13. f4 c5 14. Qf2 O-O-O
15. Bd3 Qh6 16. Ne4 Kb8 17. Rhe1 Rhe8 18. g3 d6 19. exd6 cxd6 20. Bc2 Bxe4 21.
Bxe4 Bf6 22. Bh1 Kc7 23. Qg2 Bxb2+ 24. Kxb2 Qf6+ 25. Kc2 d5 26. cxd5 Kd6 27.
Qd2 Rxe1 28. Qxe1 Rd7 29. Qa5 Qf5+ 30. Kc1 Qf6 31. Kc2 Qf5+ 32. Kb2 Qf6+ 33.
Ka3 Rb7 34. Qb5 Rc7 35. Qa5 Rb7 36. Qb5 Rc7 37. Qe2 Qc3 38. Re1 Nc4+ 39. Qxc4
Qxe1 40. Qa6+ Kd7 41. Bf3 Qb4+ 42. Kb2 Qd2+ 43. Ka3 Qb4+ 44. Kb2 1/2-1/2

[Event "19. Obert Int. Sant Marti 2017"]
[Site "Barcelona ESP"]
[Date "2017.07.16"]
[Round "4.8"]
[White "Grafl, Florian"]
[Black "Burmakin, Vladimir"]
[Result "0-1"]
[WhiteElo "2374"]
[BlackElo "2505"]
[PlyCount "112"]
[EventDate "2017.07.13"]
[EventType "swiss"]
[EventRounds "9"]
[EventCountry "ESP"]
[SourceTitle "Ajedrez en Madrid"]
[Source "lmi"]
[SourceDate "2017.07.13"]
[SourceVersion "1"]
[SourceVersionDate "2019.06.21"]
[SourceQuality "1"]

1. b3 d5 2. Bb2 Bf5 3. e3 e6 4. h3 h6 5. Nc3 Nf6 6. d4 c5 7. dxc5 Bxc5 8. g4
Bg6 9. Bd3 Bxd3 10. Qxd3 Nc6 11. O-O-O Qe7 12. Kb1 O-O-O 13. Nge2 Kb8 14. Nd4
Nxd4 15. exd4 Bb4 16. f3 Rc8 17. Ne2 Rc6 18. h4 Rhc8 19. g5 Ne8 20. gxh6 gxh6
21. c3 Ba3 22. Qh7 Bxb2 23. Kxb2 Qf6 24. Qd3 Nd6 25. h5 a5 26. Rdg1 a4 27. Rg4
Qd8 28. Rhg1 axb3 29. axb3 Ra6 30. Nc1 Ka7 31. Kc2 Qa5 32. Kd2 Nb5 33. Ne2 Qa2+
34. Ke3 Nd6 35. Rb1 Rac6 36. Rgg1 Nf5+ 37. Kf4 Rxc3 38. Qxc3 Rxc3 39. Ra1 Rc2
40. Nc3 Qxa1 41. Rxa1+ Kb8 42. Nb5 Rb2 43. Rg1 Kc8 44. Ke5 Kd7 45. Rc1 Rxb3 46.
Rc7+ Ke8 47. Rxb7 Rxf3 48. Nc7+ Kf8 49. Ra7 Ng3 50. Kd6 Nxh5 51. Ra8+ Kg7 52.
Ke7 Ng3 53. Nxe6+ fxe6 54. Kxe6 Rf5 55. Ra7+ Kg6 56. Ra8 Rg5 0-1